000 00389nam a22001577a 4500
005 20160426141817.0
008 160426b xxu||||| |||| 00| 0 eng d
020 _a0-07-04-7387-0
041 _aeng
082 _b00103
100 _aHillier, Fredecicks
_960
245 _aIntroduction to Operations Research
260 _aNew Delhi
_bTata MC Graw Hill,
_c2004
300 _a1214
942 _cBK
999 _c21
_d21